Hungary Country Quiz - Statistics

General Stats
  • This quiz has been taken 1,830 times
    1,804 since last reset
  • The average score is 12 of 22
Answer Stats
Hint Answer % Correct
Capital city Budapest
99%
River that city is situated on Danube
96%
Country that invaded in 1956 Soviet Union
79%
Most well-known national dish Goulash
78%
Empire it fought against, 1366–1526 Ottoman Empire
78%
Great ruler of the Huns Attila
76%
3-D combination puzzle Rubik's Cube
69%
Most common spice in dishes Paprika
64%
Largest lake Lake Balaton
56%
Currency Forint
51%
Largest mountain range Carpathian
50%
Second most populous city Debrecen
49%
Legendary football player Ferenc Puskás
47%
Second largest ethnic group Romani
47%
Composer of "Hungarian Rhapsody" Franz Liszt
46%
Hungarian for "Hungary" Magyarország
43%
Hedge fund manager frequently blamed for all the world's ills George Soros
41%
Hungary has the most gold medals in this Olympic event Water Polo
40%
Actress who married nine times Zsa Zsa Gábor
32%
Longest river Tisza River
30%
Historical wine region Tokaj
27%
Discovery of Albert Szentgyörgyi Vitamin C
24%
No matching quizzes found
Score Distribution
Percent of People with Each Score
Percentile by Number Answered
Your Score History
You have not taken this quiz since the last reset